Calders segle XX : de la plaga fil·loxera a la democràcia / de la plaga fil·loxera a la democràcia /
Descripción Física:
27 pàgines : il·lustracions color ; 21 cm
Materias:
Calders (Catalunya) -- Història -- S. XX
Idioma:
Catalán
MARC
| LEADER | 00000nam a22000007a 4500 | ||
|---|---|---|---|
| 001 | 25213 | ||
| 003 | Arxiu | ||
| 005 | 20260324180728.0 | ||
| 008 | 220322b spa||||| |||| 00| 0 cat d | ||
| 040 | |b cat |e rda | ||
| 041 | |a cat | ||
| 100 | |9 52592 |a Soler i Bonet, Josep M. | ||
| 245 | |a Calders segle XX : |b de la plaga fil·loxera a la democràcia / |c Josep M Soler Bonet | ||
| 260 | |a Calders : |b Ajuntament de Calders ; |c 2019 | ||
| 300 | |a 27 pàgines : |b il·lustracions color ; |c 21 cm | ||
| 650 | 0 | |9 52594 |a Calders (Catalunya) |x Història |y S. XX | |
| 710 | 1 | |a Calders (Catalunya). |b Ajuntament |e entitat editora |9 55510 | |
| 942 | |2 udc |n 1 |c ARXIU | ||
| 952 | |0 0 |1 0 |2 udc |4 0 |6 FU67123 |7 1 |9 61168 |a Arxiu |b Arxiu |d 2022-03-22 |l 0 |o FU-67-123 |p 25213 |r 2022-03-22 00:00:00 |w 2022-03-22 |y ARXIU | ||
| 999 | |c 81228 |d 81228 | ||